Countries With a Land Area Under 10,000km² - Statistics

General Stats
  • This quiz has been taken 16 times
  • The average score is 26 of 33
Answer Stats
Land Area (km²) X-Cords Y-Cords Country % Correct
20 754.5 264 Nauru
100%
61 408 113 San Marino
100%
26 784.5 296 Tuvalu
100%
0.49 408 120 Vatican City
100%
468 382 119 Andorra
93%
5,270 638 247 Brunei
93%
2,574 396 95 Luxembourg
93%
1,846 479 301 Comoros
87%
340 240 221 Grenada
87%
459 680 240 Palau
87%
610 244 215 Saint Lucia
87%
2,780 803 307 Samoa
87%
431 248 218 Barbados
80%
4,033 326.5 207 Cape Verde
80%
750 243 212 Dominica
80%
315 413 142 Malta
80%
180 762 232 Marshall Islands
80%
2,030 510 330 Mauritius
80%
700 718 238 Micronesia
80%
457 506 276 Seychelles
80%
720 799 328 Tonga
80%
442 242 204.5 Antigua and Barbuda
73%
778 494 171 Bahrain
73%
811 795 270 Kiribati
73%
261 238 203 Saint Kitts and Nevis
73%
389 243 218 Saint Vincent and the Grenadines
73%
964 397 258 São Tomé and Príncipe
73%
726 615 257 Singapore
73%
300 546 250 Maldives
67%
5,127 239 225 Trinidad and Tobago
67%
9,241 455 144 Cyprus
53%
160 403 104 Lichtenstein
33%
2 395 116 Monoco
13%
No matching quizzes found
Score Distribution
Percent of People with Each Score
Percentile by Number Answered
Your Score History
You have not taken this quiz